| 000 | 00473nam a22001697a 4500 | ||
|---|---|---|---|
| 003 | OSt | ||
| 005 | 20140310182349.0 | ||
| 008 | 130928t xxu||||| |||| 00| 0 eng d | ||
| 050 |
_aQ 121 _b.F982 1986 vol.1 |
||
| 082 |
_aGS 500 _bFu 1984 |
||
| 245 | _aFunk & Wagnalls new encyclopedia of science / | ||
| 260 |
_aUSA : _bRaintree Publishers Inc, _c1986. |
||
| 300 |
_a86 p. : _bcol. ill. ; _c26 cm. |
||
| 650 |
_aScience. _97100 |
||
| 942 |
_2lcc _cBK-GS |
||
| 999 |
_c12319 _d12319 |
||